000 00704nam a22001937a 4500
005 20220425092545.0
008 220425b ||||| |||| 00| 0 eng d
040 _cAL
041 _aHindi
082 _223
_a954H
_bSHAV
100 _aMahesh Chandra Sharma महेश चंद्र शर्मा
_931385
245 _aVibhajana Asvikara विभाजन असवीकार
260 _aNew Delhi
_bPrabhat Prakashan
_c1998
300 _a306 p.
_bHB
_c22x14 cm.
365 _b₹300.00
_c
_d₹300.00
650 _aIndia -- History -- Partition, 1947 -- Congresses
_931369
700 _aSHARMA (Mahesh Chandra) शर्मा (महेश चंद्र )
_931370
942 _2ddc
_cGF
999 _c222587
_d222587